000 00775nam a2200253Ia 4500
003 OSt
005 20220930093850.0
006 a|||||r|||| 00| 0
007 ta
008 220926b |||||||| |||| 00| 0 eng d
024 _a62896
037 _cTheses
040 _aCRL
_cCRL
_beng
041 _2eng
_aeng
100 _aJash Sambuddha Au.
_9553548
110 _aUniversity of Delhi. Faculty of Arts. Department of English
245 0 _aCultural production and the embodiment of the 'Popular'
260 _c2018
300 _a206p.
_ap.
_ccm.
700 _a Bhattacharya Baidik Gu.
_9553549
700 _aUniversity of Delhi. Faculty of Arts. Department of English
942 _cDIS
_2CC
999 _c886125
_d886125